000 01417nam a2200421 c 4500
001 53229
003 ES-MaCES
005 20250203133030.0
007 cr |||||||||||
008 240614s2023 sp r 000 | spa d
017 _aM 11255-2023
_bDL
040 _aES-MaCES
_bspa
_cES-MaCES
245 0 3 _aLa situación de los refugiados en España y Europa
_hRecurso electrónico
_b: informe 2023 de la Comisión Española de Ayuda al Refugiado (CEAR)
260 _aMadrid
_bCEAR
_c[2023]
300 _a1 documento pdf (3,38 mb)
500 _aÍndices
541 _cCompra
650 4 _arefugiado
_928638
650 4 _aderecho de asilo
_931135
650 4 _aCovid-19
_939751
650 4 _asituación jurídica
_927172
650 4 _apolítica social
_927029
650 4 _aintegración social
_927283
650 4 _apaís de salida
_929798
650 4 _aEspaña
_926964
650 4 _aEuropa
_926940
650 4 _aUE
_926752
650 4 _apaís de la UE
_929020
650 4 _apaís de acogida
_929799
650 4 _a2023
_940696
650 4 _ainforme
_928986
653 1 0 _aCiencias Sociales-Políticas
710 2 _aComisión Española de Ayuda al Refugiado
_92161
787 0 _tLa situación de los refugiados en España y Europa
_w(ES-MaCES)52368
856 4 _uhttp://biblioteca.ces.es/repintra/B53229.pdf
_ytexto completo
_z[intranet]
902 _aELE PUB. ELECTRONICA
942 _2CES
_cBK
_h7.0.
999 _c53229
_d53229